000 00497 a2200145 4500
245 _aManning the nation
_b : father figures in Zimbabwean literature and society
_hprint
020 _a9781779220691 (Weave
650 _aZIMBABWEAN LITERATURE
005 20191021095424.0
260 _arh
_bWeaver Press
_c2007
084 _aNONE
300 _axxiii, 200 p.
_b 20 cm.
_cxxiii, 200 p. ; 20 cm.
500 _aedited by Kizito Z. Muchemwa and Robert Muponde.
999 _c12216
_d12216